| 000 | 00760nam a2200181 a 4500 | ||
|---|---|---|---|
| 008 | 120416s1965 ||||||||||||||||| || u | ||
| 050 | _aQE 33.2.M3 Kru | ||
| 100 | _aKrumbein, William Christian, 1902-1979 | ||
| 245 | 1 | 3 |
_aAn introduction to statistical models in geology _c[by] W.C. Krumbein [and] Franklin A. Graybill. |
| 260 |
_aNew York _bMcGraw-Hill _c1965 |
||
| 300 | _axi, 475p. | ||
| 350 | _a0.00 | ||
| 490 | _aInternational series in the earth sciences | ||
| 650 | _aGEOLOGY--STATISTICAL METHODS | ||
| 650 | _aGEOLOGY--STUDY AND TEACHING | ||
| 700 | _aGraybill, Franklin A., joint author | ||
| 995 |
_D0.00 _FCBU-MAIN LIBRARY (Kitwe) _H1 _I4.95 _UAVAILABLE _ZMain Library Open Access Collection |
||
| 999 |
_c48006 _d48006 |
||